Loading...
| Science - Other | 0 | 6 | 0 | 1 | 60 | 76 | 110.00 | 0 | 2 | 5.02 | 22.73 |
| Science - Physics | 0 | 3 | 1 | 0 | 25 | 66 | 92.33 | 0 | 2 | 5.78 | 15.91 |
| Mythology | 0 | 2 | 0 | 1 | 20 | 97 | 114.00 | 0 | 0 | 2.70 | 3.41 |
| History - World | 0 | 2 | 1 | 0 | 15 | 101 | 105.00 | 0 | 1 | 4.15 | 10.23 |
| Fine Arts - Classical Music | 0 | 1 | 0 | 0 | 10 | 114 | 114.00 | 0 | 1 | 0.80 | 6.82 |
| Geography | 0 | 1 | 0 | 0 | 10 | 43 | 43.00 | 1 | 1 | 22.22 | 33.33 |
| Literature - European | 0 | 1 | 0 | 0 | 10 | 85 | 85.00 | 0 | 0 | 3.45 | 4.55 |
| Religion | 0 | 1 | 0 | 1 | 10 | 119 | 119.00 | 0 | 0 | 0.00 | 1.14 |
| Science - Chemistry | 0 | 1 | 0 | 1 | 10 | 122 | 122.00 | 0 | 0 | 0.00 | 2.27 |
| Social Science | 0 | 1 | 0 | 1 | 10 | 110 | 110.00 | 0 | 0 | 0.00 | 1.14 |
| Popular Culture | 0 | 1 | 0 | 0 | 10 | 43 | 43.00 | 1 | 1 | 22.47 | 33.33 |
| Other Academic | 0 | 0 | 1 | 0 | -5 | 0.00 | 0 | 0 | 0.00 | 0.00 | |
| History - American | 0 | 0 | 1 | 0 | -5 | 0.00 | 0 | 0 | 0.00 | 0.00 | |
| History - European | 0 | 0 | 1 | 0 | -5 | 0.00 | 0 | 0 | 0.00 | 0.00 |